"It’s not love, baby doll. It’s science": experiences of trauma bonding among survivors of sex trafficking

Trauma bonds between sex trafficking survivors and their traffickers or other perpetrators are one of the most complex and least understood concerns facing survivors. This community-based participatory research phenomenological study sought to understand how survivors have experienced trauma bonding...

Ausführliche Beschreibung

Gespeichert in:  
Bibliographische Detailangaben
VerfasserInnen: Casassa, Kaitlin (Verfasst von) ; England, Gwen (Verfasst von) ; Karandikar, Sharvari (Verfasst von)
Medienart: Elektronisch Aufsatz
Sprache:Englisch
Veröffentlicht: 2024
In: Violence and victims
Jahr: 2024, Band: 39, Heft: 5, Seiten: 598-617
Online-Zugang: Volltext (lizenzpflichtig)
Volltext (lizenzpflichtig)
Verfügbarkeit prüfen: HBZ Gateway
Schlagwörter:

MARC

LEADER 00000caa a22000002c 4500
001 1931197806
003 DE-627
005 20250827124813.0
007 cr uuu---uuuuu
008 250718s2024 xx |||||o 00| ||eng c
024 7 |a 10.1891/VV-2023-0005  |2 doi 
035 |a (DE-627)1931197806 
035 |a (DE-599)KXP1931197806 
040 |a DE-627  |b ger  |c DE-627  |e rda 
041 |a eng 
084 |a 2,1  |2 ssgn 
100 1 |a Casassa, Kaitlin  |e VerfasserIn  |4 aut 
245 1 0 |a "It’s not love, baby doll. It’s science"  |b experiences of trauma bonding among survivors of sex trafficking  |c Kaitlin Casassa, Gwen England, Sharvari Karandikar 
264 1 |c 2024 
336 |a Text  |b txt  |2 rdacontent 
337 |a Computermedien  |b c  |2 rdamedia 
338 |a Online-Ressource  |b cr  |2 rdacarrier 
500 |a Literaturverzeichnis: Seite 616-617 
520 |a Trauma bonds between sex trafficking survivors and their traffickers or other perpetrators are one of the most complex and least understood concerns facing survivors. This community-based participatory research phenomenological study sought to understand how survivors have experienced trauma bonding. The sample consisted of 19 female survivors who were all participants in or graduates of a human trafficking specialty docket. Two themes emerged from the data. The first theme is the source of the trauma bond, namely who survivors had trauma bonds with. The second theme is features of trauma bonds, which included three subthemes: survivors have experienced trauma bonds (a) as involuntary, (b) as having lingering power, and (c) as consisting of both love and hate. These findings contain significant implications for practice, policy, and future research. 
650 4 |a PTSD 
650 4 |a Human Trafficking 
650 4 |a Qualitative Research 
650 4 |a Trauma 
700 1 |a England, Gwen  |e VerfasserIn  |4 aut 
700 1 |a Karandikar, Sharvari  |e VerfasserIn  |4 aut 
773 0 8 |i Enthalten in  |t Violence and victims  |d New York, NY : Bernhard Springer Publ. Company, 1986  |g 39(2024), 5, Seite 598-617  |h Online-Ressource  |w (DE-627)481905855  |w (DE-600)2180581-7  |w (DE-576)272350435  |x 1945-7073  |7 nnas 
773 1 8 |g volume:39  |g year:2024  |g number:5  |g pages:598-617 
856 4 0 |u https://connect.springerpub.com/content/sgrvv/39/5/598  |x Verlag  |z lizenzpflichtig  |3 Volltext  |7 1 
856 4 0 |u https://doi.org/10.1891/VV-2023-0005  |x Resolving-System  |z lizenzpflichtig  |3 Volltext  |7 1 
951 |a AR 
ELC |a 1 
LOK |0 000 xxxxxcx a22 zn 4500 
LOK |0 001 4747430806 
LOK |0 003 DE-627 
LOK |0 004 1931197806 
LOK |0 005 20250827124813 
LOK |0 008 250718||||||||||||||||ger||||||| 
LOK |0 040   |a DE-21-110  |c DE-627  |d DE-21-110 
LOK |0 092   |o n 
LOK |0 852   |a DE-21-110 
LOK |0 852 1  |9 00 
LOK |0 935   |a krzo 
LOK |0 939   |a 18-07-25  |b l01 
ORI |a SA-MARC-krimdoka001.raw